Nadstavba pre MDT5 pre návrh upínačov z upínacej stavebnice : Diplomová práca

Gespeichert in:
Bibliographische Detailangaben
1. Verfasser: Paštrnáková, Petra (Verfasst von)
Weitere Verfasser: Matúšová, Miriam, 1977- (xxx)
Format: Manuskript Buch
Sprache:Slowakisch
Veröffentlicht: Trnava : STU v Bratislave MtF KTZS, 2002
Schlagworte:
Tags: Tag hinzufügen
Keine Tags, Fügen Sie das erste Tag hinzu!

MARC

LEADER 00000ntm a22000003a 4500
001 stu76830
005 20160719155031.1
008 020725s2002----xo------------------slo-d
040 |a STU  |b slo 
041 0 |a slo 
044 |a xo 
100 1 |a Paštrnáková, Petra  |4 aut 
245 1 |a Nadstavba pre MDT5 pre návrh upínačov z upínacej stavebnice :  |b Diplomová práca 
260 |a Trnava :  |b STU v Bratislave MtF KTZS,  |c 2002 
300 |a 81 s  |c abstr. + príl. + CD 
650 7 |a upínacie stavebnice  |2 stusub 
650 7 |a zostavy upínačov  |2 stusub 
650 7 |a technologické systémy  |2 stusub 
700 1 |a Matúšová, Miriam,  |d 1977-  |4 xxx  |u M2000  |U MTF Materiálovotechnologická fakulta  |T MTF Ústav výrobných systémov a aplikovanej mechaniky  |X 4309  |U M2000  |Y 82  |7 A000004309